Disclosure of revenues in financial statements as a decision support system in strategic management

Analýza vykazovania a verejňovania výnosov v účtovnej závierke v Slovenskej republike v súlade s transpozíciou európskych smerníc o finančnej uzávierke a konsolidovaných financiách. Dopady na príjmanie rozhodnutí v strategickom manažmente.

Gespeichert in:
Bibliographische Detailangaben
1. Verfasser: Oriskóová, Denisa
Weitere Verfasser: Pakšiová, Renáta, 1974-
Format: Buchkapitel
Sprache:Englisch
Schlagworte:
Tags: Tag hinzufügen
Keine Tags, Fügen Sie das erste Tag hinzu!

MARC

LEADER 00000nla a2200000 4500
001 0233946
005 20240502083622.9
041 0 |a eng 
044 |a RS 
245 1 0 |a Disclosure of revenues in financial statements as a decision support system in strategic management  |c Denisa Oriskóová, Renáta Pakšiová 
520 |a Analýza vykazovania a verejňovania výnosov v účtovnej závierke v Slovenskej republike v súlade s transpozíciou európskych smerníc o finančnej uzávierke a konsolidovaných financiách. Dopady na príjmanie rozhodnutí v strategickom manažmente. 
610 2 0 |a účtovníctvo 
610 2 0 |a manažment strategický 
610 2 0 |a výkazníctvo finančné 
610 2 0 |a legislatíva 
100 1 |a Oriskóová, Denisa 
700 1 |a Pakšiová, Renáta, 1974-